[Event "DVM U10 2013"]
[Site "Magdeburg GER"]
[Date "2013.12.28"]
[Round "4"]
[White "Kahlsdorf, Fabian"]
[Black "Triantafillidis, Simeon"]
[Result "0-1"]
[Termination "normal"]
[Board "12.1"]
[WhiteElo "907"]
[BlackElo "1361"]
[WhiteTeam "Braunschweiger SF"]
[BlackTeam "SF HN-Biberach 1978"]
[WhiteFideId "16201140"]
[BlackFideId "12953113"]
[EventCountry "GER"]
[EventRounds "6"]
[EventType "team-swiss"]
[EventDate "2013.12.27"]

1. e4 e5 2. Nf3 Nc6 3. d4 exd4 4. Nxd4 Bc5 5. Be3 d6 6. Bc4 Nf6 7. Nc3 O-O 8.
O-O Re8 9. f3 d5 10. Nxc6 Bxe3+ 11. Kh1 bxc6 12. Be2 dxe4 13. Qxd8 Rxd8 14.
fxe4 Bd4 15. Rad1 Bb7 16. Rf4 Bxc3 17. bxc3 Rxd1+ 18. Bxd1 Rd8 19. Be2 Rd2 20.
Bf3 Rxc2 21. h3 c5 22. Rf5 Bxe4 23. Bxe4 Nxe4 24. Re5 Nf6 25. g4 Rxc3 26. g5
Rxh3+ 27. Kg2 Rh5 28. Kg3 Rxg5+ 29. Rxg5 Ne4+ 30. Kf4 Nxg5 31. Kxg5 {nicht mehr
nachvollziehbar} 0-1

[Event "DVM U10 2013"]
[Site "Magdeburg GER"]
[Date "2013.12.28"]
[Round "4"]
[White "Melzig, Antonio"]
[Black "Schauder, Finn-Leon"]
[Result "0-1"]
[Termination "normal"]
[Board "12.2"]
[WhiteElo "1024"]
[BlackElo "1002"]
[WhiteTeam "SF HN-Biberach 1978"]
[BlackTeam "Braunschweiger SF"]
[WhiteFideId "16235193"]
[EventCountry "GER"]
[EventRounds "6"]
[EventType "team-swiss"]
[EventDate "2013.12.27"]

1. e4 e5 2. Nf3 Nc6 3. Bc4 Bc5 4. Nc3 d6 5. d3 Bg4 6. h3 Bh5 7. Bg5 Nf6 8. Nd5
h6 9. Bh4 g5 10. Bg3 Nxd5 11. Bxd5 Qd7 12. h4 g4 13. Nd2 O-O-O 14. Nb3 f5 15.
Nxc5 dxc5 16. Qd2 fxe4 17. dxe4 Qh7 18. O-O-O Bg6 19. Qe2 Rd6 20. Qxg4+ Kb8 21.
Bxc6 Rxc6 22. f3 Re8 23. h5 Bf7 24. Qd7 Qg8 25. Bxe5 Qg5+ 26. f4 Qg8 27. Rd2
Be6 28. f5 Bc4 0-1

[Event "DVM U10 2013"]
[Site "Magdeburg GER"]
[Date "2013.12.28"]
[Round "4"]
[White "Kahlsdorf, Hendrik"]
[Black "Gerold, Robin"]
[Result "0-1"]
[Termination "normal"]
[Board "12.3"]
[WhiteElo "898"]
[BlackElo "995"]
[WhiteTeam "Braunschweiger SF"]
[BlackTeam "SF HN-Biberach 1978"]
[WhiteFideId "16201159"]
[BlackFideId "16235185"]
[EventCountry "GER"]
[EventRounds "6"]
[EventType "team-swiss"]
[EventDate "2013.12.27"]

1. e4 e5 2. Nf3 Nc6 3. d4 d6 4. Nc3 Nf6 5. Bg5 h6 6. Bh4 Be7 7. Bb5 a6 8. Bc4
g5 9. Bg3 Bg4 10. h3 Bh5 11. O-O Nxd4 12. Re1 Bxf3 13. gxf3 Qd7 14. Kg2 h5 15.
Rg1 h4 16. Bh2 O-O-O 17. a3 c6 18. b4 d5 19. Bd3 dxe4 20. fxe4 Rhg8 21. Kf1 g4
22. hxg4 Rxg4 23. Be2 Rxg1+ 24. Kxg1 Nxe2+ 25. Qxe2 Rg8+ 26. Kf1 Qh3+ 27. Ke1
Qxc3+ 28. Qd2 Qxa1+ 29. Ke2 Nxe4 30. Qd3 Qd4 31. Qxd4 exd4 32. Kd3 Nxf2+ 33.
Kxd4 h3 34. a4 Rg2 35. Be5 Bxb4 36. c4 h2 37. Bxh2 Rxh2 38. c5 Rh4+ 39. Ke5
Bxc5 40. a5 Kd7 41. Kf6 Rh5 42. Kxf7 Rf5+ 43. Kg8 Ke7 44. Kh7 Kf7 45. Kh6 Ne4
46. Kh7 Rh5# 0-1

[Event "DVM U10 2013"]
[Site "Magdeburg GER"]
[Date "2013.12.28"]
[Round "4"]
[White "Dittmar, Elia"]
[Black "Brunzendorf, Tanja"]
[Result "0-1"]
[Termination "normal"]
[Board "12.4"]
[WhiteElo "783"]
[BlackElo "600"]
[WhiteTeam "SF HN-Biberach 1978"]
[BlackTeam "Braunschweiger SF"]
[WhiteFideId "16269098"]
[EventCountry "GER"]
[EventRounds "6"]
[EventType "team-swiss"]
[EventDate "2013.12.27"]

1. c4 e5 2. Nc3 Nc6 3. g3 Nf6 4. Bg2 Bb4 5. Nf3 Bxc3 6. bxc3 d5 7. Qb3 d4 8.
cxd4 exd4 9. d3 O-O 10. O-O Bg4 11. Ba3 Re8 12. Rae1 b6 13. Ng5 Qd7 14. Qb5 a6
15. Bxc6 axb5 16. Bxd7 Nxd7 17. cxb5 Rxa3 18. Rc1 Rc3 19. Ra1 Bxe2 20. Nf3 Rxd3
21. Rac1 Rxf3 22. Rxc7 Nc5 23. Rc1 Rc3 24. Re1 Nd3 25. Ra1 g6 26. a4 Rc8 27.
Rb7 Bf3 28. h3 Rc1+ 29. Rxc1 Rxc1+ 30. Kh2 Rh1# 0-1

[Event "DVM U10 2013"]
[Site "Magdeburg GER"]
[Date "2013.12.28"]
[Round "4"]
[White "Kukulina, Sonja"]
[Black "Fromm, Nick"]
[Result "0-1"]
[Termination "normal"]
[Board "13.1"]
[WhiteElo "1229"]
[BlackElo "1287"]
[WhiteTeam "SK München Südost"]
[BlackTeam "SV Caissa Kassel"]
[WhiteFideId "12977047"]
[BlackFideId "12958026"]
[EventCountry "GER"]
[EventRounds "6"]
[EventType "team-swiss"]
[EventDate "2013.12.27"]

1. e4 d5 2. exd5 Qxd5 3. Nc3 Qd6 4. Nf3 Nc6 5. Bb5 Bd7 6. d3 e5 7. Be3 Nf6 8.
Ne4 Qb4+ 9. Nc3 Nd5 10. Rb1 Bd6 11. a3 Nxe3 12. fxe3 Qa5 13. b4 Nxb4 14. a4 Nd5
15. Bxd7+ Kxd7 16. Rb3 Nxc3 17. Qd2 Bb4 18. Nxe5+ Ke8 19. O-O Na2 20. Qf2 Qxe5
21. c3 Bxc3 22. Qxa2 Qxe3+ 23. Kh1 Qe6 24. Qb1 Ba5 25. Rxb7 c6 26. Rb8+ Rxb8
27. Qxb8+ Bd8 28. Qxa7 Qd7 29. Re1+ Be7 30. Qa8+ Qd8 31. Qxc6+ Kf8 32. Rc1 Qxd3
33. h3 g6 34. a5 Qa3 35. a6 Kg7 36. Qb6 Ra8 37. Rc6 Qa1+ 38. Kh2 Bg5 39. Qb7
Bf4+ 40. g3 Bxg3+ 41. Kxg3 Qe5+ 42. Kf3 Qb8 43. Qxb8 Rxb8 44. a7 Ra8 45. Ra6
Kf8 46. Ke4 Ke7 47. Kd5 Kd7 48. Kc5 Kc7 49. Kb5 Kb7 50. Rb6+ Kxa7 51. Ra6+ Kb7
52. Rxa8 Kxa8 53. Kc6 Kb8 54. Kd5 Kc8 55. Ke5 f5 56. Kf6 f4 57. Kg7 f3 58. Kxh7
f2 59. Kxg6 f1=Q 60. h4 Kd7 61. h5 Ke6 62. h6 Qf6+ 63. Kh5 Qf7+ 64. Kg5 Qg8+
65. Kh5 Qh7 66. Kg5 Kf7 67. Kh5 Qg6+ 68. Kh4 Kf6 69. h7 Kf5 70. Kh3 Kf4 71. Kh2
Kf3 72. Kh1 Qg2# 0-1

[Event "DVM U10 2013"]
[Site "Magdeburg GER"]
[Date "2013.12.28"]
[Round "4"]
[White "Kotliarevski, Dennis"]
[Black "Grunert, Friedrich"]
[Result "0-1"]
[Termination "normal"]
[Board "13.2"]
[WhiteElo "1021"]
[BlackElo "600"]
[WhiteTeam "SV Caissa Kassel"]
[BlackTeam "SK München Südost"]
[WhiteFideId "12995371"]
[BlackFideId "12995592"]
[EventCountry "GER"]
[EventRounds "6"]
[EventType "team-swiss"]
[EventDate "2013.12.27"]

1. e4 e6 2. d4 d5 3. e5 Nc6 4. Nf3 Na5 5. Bd3 c5 6. dxc5 Bxc5 7. Be3 Bxe3 8.
fxe3 f6 9. O-O Nc6 10. exf6 Nxf6 11. Nc3 a6 12. Nd4 Qd6 13. Nxc6 bxc6 14. e4 e5
15. exd5 cxd5 16. Kh1 O-O 17. Bc4 Be6 18. Bd3 Ng4 19. Qe2 e4 20. Nxd5 Qxh2# 0-1

[Event "DVM U10 2013"]
[Site "Magdeburg GER"]
[Date "2013.12.28"]
[Round "4"]
[White "Cheng, Dino Liwen"]
[Black "Simukov, Erik"]
[Result "0-1"]
[Termination "normal"]
[Board "13.3"]
[WhiteElo "600"]
[BlackElo "813"]
[WhiteTeam "SK München Südost"]
[BlackTeam "SV Caissa Kassel"]
[BlackFideId "12995380"]
[EventCountry "GER"]
[EventRounds "6"]
[EventType "team-swiss"]
[EventDate "2013.12.27"]

1. e4 e5 2. Nf3 Nc6 3. Bc4 Bc5 4. c3 Nf6 5. d3 d6 6. Bg5 h6 7. Bh4 g5 8. Bg3
Be6 9. Bxe6 fxe6 10. d4 exd4 11. cxd4 Bb4+ 12. Nc3 Nxe4 13. Qe2 d5 14. Ne5 Nxe5
15. Bxe5 Nxc3 16. Qh5+ Ke7 17. Bxh8 Qxh8 18. O-O Ne4 19. a3 Bd6 20. f3 Nf6 21.
Qh3 h5 22. Rfe1 Qg8 23. Re2 g4 24. fxg4 hxg4 25. Qe3 g3 26. h3 b6 27. Rae1 Ne4
28. Qh6 e5 29. Qh4+ Kd7 30. b4 c5 31. dxc5 bxc5 32. bxc5 Bxc5+ 33. Kh1 Nf2+ 34.
Kg1 Nd3+ 35. Kf1 Rf8+ 36. Rf2 Rxf2+ 37. Kg1 Rf4+ 38. Kh1 Rxh4 39. Re2 Qf8 40.
Rxe5 Qf1# 0-1

[Event "DVM U10 2013"]
[Site "Magdeburg GER"]
[Date "2013.12.28"]
[Round "4"]
[White "Del Rio, Miguel"]
[Black "Huber, Jakob"]
[Result "1-0"]
[Termination "normal"]
[Board "13.4"]
[WhiteElo "885"]
[BlackElo "600"]
[WhiteTeam "SV Caissa Kassel"]
[BlackTeam "SK München Südost"]
[BlackFideId "16226070"]
[EventCountry "GER"]
[EventRounds "6"]
[EventType "team-swiss"]
[EventDate "2013.12.27"]

1. e4 e6 2. Nf3 d5 3. e5 c5 4. Bb5+ Nc6 5. Bxc6+ bxc6 6. d4 Bb7 7. c3 Nh6 8.
O-O Nf5 9. Nbd2 Be7 10. Nb3 O-O 11. Nxc5 Bxc5 12. dxc5 Ba6 13. Re1 Nh4 14. Nd4
Bb7 15. g3 Ng6 16. b4 Qc7 17. Nf3 Qd8 18. Qa4 Kh8 19. Qd1 Ba6 20. Nd4 Qc8 21.
a4 Bb7 22. a5 a6 23. h4 Qd8 24. Ra2 Rb8 25. Nf3 Ra8 26. Ng5 h6 27. Nf3 Rb8 28.
Rd2 Ne7 29. Qc2 g6 30. Re4 f5 31. Re1 Ra8 32. c4 Qc8 33. cxd5 cxd5 34. Nd4 Rb8
35. Ba3 Ra8 36. Rd3 Bc6 37. Nxc6 Nxc6 38. Qc1 Qc7 39. Qxh6+ Qh7 40. Qc1 Kg8 41.
Qg5 Qg7 42. Rb3 Nd4 43. Rd3 Nc6 44. Rb1 Qd7 45. Qxg6+ Qg7 46. Qxe6+ Rf7 47.
Qxc6 Raf8 48. Qxa6 Ra7 49. Qe6+ Raf7 50. Qxd5 Qg6 51. c6 Rc8 52. b5 Rxc6 53.
bxc6 f4 54. Qd8+ Rf8 55. Bxf8 Qf7 56. Be7+ Kg7 57. Bf6+ Qxf6 58. exf6+ Kf7 59.
Qe7+ Kg8 60. Rb8# 1-0

[Event "DVM U10 2013"]
[Site "Magdeburg GER"]
[Date "2013.12.28"]
[Round "4"]
[White "von Schoenebeck, Konstantin"]
[Black "Koholka, Jan"]
[Result "0-1"]
[Termination "normal"]
[Board "14.1"]
[WhiteElo "868"]
[BlackElo "931"]
[WhiteTeam "Schachpinguine Berlin 2"]
[BlackTeam "SK Langen"]
[WhiteFideId "12977349"]
[BlackFideId "34611584"]
[EventCountry "GER"]
[EventRounds "6"]
[EventType "team-swiss"]
[EventDate "2013.12.27"]

1. e4 e5 2. Nf3 Nc6 3. Bc4 Bc5 4. O-O Nf6 5. d4 exd4 6. e5 Ng8 7. Bg5 Nge7 8.
Nbd2 O-O 9. Ne4 d5 10. e6 fxe6 11. b4 Bb6 12. a4 d3 13. a5 dxe4 14. axb6 exf3
15. Qxf3 h6 16. Bh4 g5 17. Bg3 cxb6 18. Bxd3 Ng6 19. Qd5 Nh4 20. Qb3 Bd7 21.
Qa3 Nd4 22. Qc3 Qc7 23. Ra4 Rfc8 24. Rc1 e5 {Rest ist nicht nachvollziehbar}
0-1

[Event "DVM U10 2013"]
[Site "Magdeburg GER"]
[Date "2013.12.28"]
[Round "4"]
[White "Riegel, Simon"]
[Black "Barac, David"]
[Result "1-0"]
[Termination "normal"]
[Board "14.2"]
[WhiteElo "975"]
[BlackElo "789"]
[WhiteTeam "SK Langen"]
[BlackTeam "Schachpinguine Berlin 2"]
[WhiteFideId "34628410"]
[BlackFideId "16220633"]
[EventCountry "GER"]
[EventRounds "6"]
[EventType "team-swiss"]
[EventDate "2013.12.27"]

1. e4 e5 2. Nf3 Nc6 3. Nc3 Nf6 4. Bb5 Bc5 5. O-O d6 6. d3 Bd7 7. Re1 Qe7 8. a3
O-O-O 9. b4 Bb6 10. Nd5 Nxd5 11. exd5 Bd4 12. Nxd4 Nxd4 13. Bxd7+ Qxd7 14. c3
Nb5 15. Bb2 Rhe8 16. a4 Nxc3 17. Bxc3 a6 18. d4 e4 19. Qe2 b5 20. axb5 axb5 21.
Ra5 f5 22. Qxb5 Qxb5 23. Rxb5 f4 24. Bd2 f3 25. gxf3 exf3 26. Re3 Rxe3 27. Bxe3
Rf8 28. Kf1 Kd7 29. Ke1 c6 30. dxc6+ Kxc6 31. Ra5 Rb8 32. b5+ Rxb5 33. Rxb5
Kxb5 34. Kd2 d5 35. Kc3 Ka4 36. h3 g6 37. Bf4 h5 38. h4 Kb5 39. Be5 Ka4 40. Kd3
Kb4 41. Ke3 Kc3 42. Kxf3 Kd3 43. Kf4 Ke2 44. f3 Kf2 45. Kg5 Kxf3 46. Kxg6 Kg4
47. Bf6 1-0

[Event "DVM U10 2013"]
[Site "Magdeburg GER"]
[Date "2013.12.28"]
[Round "4"]
[White "Indilewitsch, Marie-Claire"]
[Black "Karl, Simon"]
[Result "1-0"]
[Termination "normal"]
[Board "14.3"]
[WhiteElo "931"]
[BlackElo "899"]
[WhiteTeam "Schachpinguine Berlin 2"]
[BlackTeam "SK Langen"]
[BlackFideId "16217985"]
[EventCountry "GER"]
[EventRounds "6"]
[EventType "team-swiss"]
[EventDate "2013.12.27"]

1. e4 g6 2. Nc3 Bg7 3. Bc4 d6 4. Nf3 e5 5. d3 Nf6 6. Be3 O-O 7. Qd2 Ng4 8.
O-O-O Nc6 9. Bg5 Qe8 10. Nd5 Qd7 11. h3 Nxf2 12. Qxf2 Na5 13. Bf6 Bh6+ 14. Bg5
Bg7 15. Qh4 Nxc4 16. dxc4 f5 17. Bh6 Bxh6+ 18. Qxh6 fxe4 19. Nxe5 Qe6 20. Rhf1
Rxf1 21. Rxf1 Bd7 22. Nf6+ Kh8 23. Qxh7# 1-0

[Event "DVM U10 2013"]
[Site "Magdeburg GER"]
[Date "2013.12.28"]
[Round "4"]
[White "Reinecke, Alexander"]
[Black "Kemke, Annabelle"]
[Result "1-0"]
[Termination "normal"]
[Board "14.4"]
[WhiteElo "803"]
[BlackElo "817"]
[WhiteTeam "SK Langen"]
[BlackTeam "Schachpinguine Berlin 2"]
[WhiteFideId "12991570"]
[BlackFideId "12991821"]
[EventCountry "GER"]
[EventRounds "6"]
[EventType "team-swiss"]
[EventDate "2013.12.27"]

1. e4 e5 2. Nf3 Nc6 3. Nc3 Nf6 4. Bc4 Bc5 5. d3 d6 6. Bg5 h6 7. Bh4 g5 8. Bg3
g4 9. Nh4 Nh5 10. Qd2 Nxg3 11. hxg3 Bd7 12. O-O-O Qe7 13. Nd5 Qd8 14. Nf5 Bxf5
15. exf5 Qd7 16. Nf6+ Ke7 17. Nxd7 Kxd7 18. Bxf7 Raf8 19. Bg6 Ne7 20. Rxh6 Nxg6
21. Rxg6 Rxf5 22. Rg7+ Kc6 23. Kb1 Rxf2 24. Qe1 Rxg2 25. Qe4+ d5 26. Qxg2 Be3 {
nicht mehr nachvollziehbar} 1-0

[Event "DVM U10 2013"]
[Site "Magdeburg GER"]
[Date "2013.12.28"]
[Round "4"]
[White "von Asow, Till"]
[Black "Fidlin, Simon"]
[Result "1-0"]
[Termination "normal"]
[Board "15.1"]
[WhiteElo "811"]
[BlackElo "1151"]
[WhiteTeam "Spvgg Rommelshausen"]
[BlackTeam "Karlsruher SF 1853"]
[WhiteFideId "16257162"]
[BlackFideId "16217535"]
[EventCountry "GER"]
[EventRounds "6"]
[EventType "team-swiss"]
[EventDate "2013.12.27"]

1. e4 e6 2. Nf3 d5 3. e5 c5 4. Nc3 Nc6 5. Bb5 Bd7 6. d4 Qb6 7. Be3 a6 8. Ba4
Qxb2 9. Bd2 Qb6 10. Rb1 Qa7 11. Be3 b5 12. Bb3 c4 13. Bxc4 bxc4 14. O-O Rb8 15.
Na4 Nxe5 16. dxe5 Bxa4 17. Bxa7 Rd8 18. Rb8 Ne7 19. Rxd8+ Kxd8 20. Qb1 Bd7 21.
Qb6+ Ke8 22. Qb8+ Nc8 23. Bc5 Be7 24. Bxe7 Kxe7 25. Nd4 Ke8 26. Nc6 1-0

[Event "DVM U10 2013"]
[Site "Magdeburg GER"]
[Date "2013.12.28"]
[Round "4"]
[White "Fidlin, Maximilian"]
[Black "Ehmann, Tim"]
[Result "1-0"]
[Termination "normal"]
[Board "15.2"]
[WhiteElo "918"]
[BlackElo "791"]
[WhiteTeam "Karlsruher SF 1853"]
[BlackTeam "Spvgg Rommelshausen"]
[EventCountry "GER"]
[EventRounds "6"]
[EventType "team-swiss"]
[EventDate "2013.12.27"]

1. e4 e5 2. Nf3 Nc6 3. Bb5 Bb4 4. O-O Nf6 5. Re1 d6 6. h3 h6 7. c4 Bc5 8. d4
Bb6 9. d5 a6 10. Ba4 Bd7 11. dxc6 bxc6 12. Be3 Qc8 13. Kh2 Bxe3 14. Rxe3 d5 15.
Nbd2 dxe4 16. Nxe4 Nxe4 17. Rxe4 Rb8 18. Rxe5+ Kd8 19. b4 f6 20. Re1 g5 21.
Bxc6 h5 22. Nd4 Re8 23. Qd2 Rxe1 24. Rxe1 g4 25. h4 Bxc6 26. Nxc6# 1-0

[Event "DVM U10 2013"]
[Site "Magdeburg GER"]
[Date "2013.12.28"]
[Round "4"]
[White "Eisenhardt, Moritz"]
[Black "Holubek, Oliver"]
[Result "1-0"]
[Termination "normal"]
[Board "15.3"]
[WhiteElo "600"]
[BlackElo "820"]
[WhiteTeam "Spvgg Rommelshausen"]
[BlackTeam "Karlsruher SF 1853"]
[EventCountry "GER"]
[EventRounds "6"]
[EventType "team-swiss"]
[EventDate "2013.12.27"]

1. e4 e5 2. c4 Nf6 3. d3 h6 4. g3 Nc6 5. Nc3 Bb4 6. Bg2 d6 7. Nge2 Bg4 8. a3
Ba5 9. Rb1 O-O 10. b4 Bb6 11. f3 Bh5 12. d4 a6 13. O-O Bxd4+ 14. Rf2 Bxf2+ 15.
Kxf2 Qd7 16. f4 Rad8 17. Qf1 Bxe2 18. Kxe2 Rfe8 19. Be3 Ng4 20. Bh3 g6 21. Nd5
Qe6 22. Nxc7 Qxc4+ 23. Ke1 Qxf1+ 24. Kxf1 Re7 25. Nd5 Nxe3+ 26. Nxe3 Nd4 27.
Rd1 Nb5 28. f5 Kg7 29. Ng4 h5 30. f6+ Kf8 31. fxe7+ Ke8 32. exd8=Q+ Kxd8 33.
Nxe5 Nxa3 34. Nxf7+ Ke7 35. e5 dxe5 36. Nxe5 Nc2 37. Nxg6+ Kf6 38. Bg2 Ne3+ 39.
Ke2 Nxd1 40. Kxd1 Kxg6 41. Bxb7 Kg5 42. Bxa6 Kg4 43. b5 Kh3 44. b6 Kxh2 45. b7
Kxg3 46. b8=Q+ Kh4 47. Bc8 Kg5 48. Qe5+ Kh4 49. Qf4# 1-0

[Event "DVM U10 2013"]
[Site "Magdeburg GER"]
[Date "2013.12.28"]
[Round "4"]
[White "Kiefhaber, Julius"]
[Black "Raichle, Simon"]
[Result "1-0"]
[Termination "normal"]
[Board "15.4"]
[WhiteElo "797"]
[BlackElo "731"]
[WhiteTeam "Karlsruher SF 1853"]
[BlackTeam "Spvgg Rommelshausen"]
[WhiteFideId "16245121"]
[EventCountry "GER"]
[EventRounds "6"]
[EventType "team-swiss"]
[EventDate "2013.12.27"]

1. e4 e5 2. Nf3 Nc6 3. Nc3 Nf6 4. Bc4 Nxe4 5. Nxe4 d5 6. Bxd5 Qxd5 7. Nc3 Qc5
8. O-O Qb6 9. d3 Bc5 10. Qe1 Bd6 11. Nd5 Qb5 12. Nc3 Qc5 13. Be3 Qa5 14. Ne4
Qb5 15. Rb1 Nb4 16. Qd1 O-O 17. g3 Nxa2 18. Ra1 Qxb2 19. Qb1 Qa3 20. Rxa2 Qb4
21. Qxb4 Bxb4 22. Nxe5 Bd6 23. Nxd6 cxd6 24. Nf3 Re8 25. c4 Be6 26. Rb2 d5 27.
Ng5 Bf5 28. cxd5 Bxd3 29. Rd1 Bc4 30. d6 b5 31. d7 Reb8 32. Nf3 a5 33. Bf4 Rf8
34. Bc7 h6 35. d8=Q Raxd8 36. Bxd8 Rxd8 37. Rxd8+ Kh7 38. Ne5 Be6 39. Rxb5 a4
40. Ra5 f6 41. Nf3 f5 42. Re8 Bd7 43. Rd8 Bc6 44. h4 h5 45. Ne5 Be4 46. Rxa4 g6
47. f4 Bc2 48. Ra7+ Kh6 49. Rh8# 1-0

[Event "DVM U10 2013"]
[Site "Magdeburg GER"]
[Date "2013.12.28"]
[Round "4"]
[White "Rößler, Karl-Georg"]
[Black "Sulayev, Daniel"]
[Result "0-1"]
[Termination "normal"]
[Board "16.1"]
[WhiteElo "1063"]
[BlackElo "1149"]
[WhiteTeam "SC 1994 Oberland 1"]
[BlackTeam "Schachpinguine Berlin 1"]
[WhiteFideId "12984469"]
[BlackFideId "12977675"]
[EventCountry "GER"]
[EventRounds "6"]
[EventType "team-swiss"]
[EventDate "2013.12.27"]

1. e4 e5 2. Nf3 Nc6 3. Bc4 Nf6 4. Ng5 d5 5. exd5 b5 6. Be2 Qxd5 7. Bf3 e4 8.
Qe2 Qxg5 9. Nc3 Nd4 10. Nxe4 Qg6 11. Qe3 Nxf3+ 12. gxf3 Nxe4 13. fxe4 Be6 14.
Qc3 Qxe4+ 15. Kd1 Qxh1+ 16. Ke2 Qe4+ 17. Kf1 Bh3+ 18. Kg1 Qg2# 0-1

[Event "DVM U10 2013"]
[Site "Magdeburg GER"]
[Date "2013.12.28"]
[Round "4"]
[White "Kostanyan, Hakob"]
[Black "Lieding, Alexander"]
[Result "1-0"]
[Termination "normal"]
[Board "16.2"]
[WhiteElo "885"]
[BlackElo "893"]
[WhiteTeam "Schachpinguine Berlin 1"]
[BlackTeam "SC 1994 Oberland 1"]
[WhiteFideId "12977683"]
[EventCountry "GER"]
[EventRounds "6"]
[EventType "team-swiss"]
[EventDate "2013.12.27"]

1. e4 e5 2. Nf3 Nc6 3. Bc4 Bc5 4. O-O d6 5. c3 Nh6 6. d4 exd4 7. cxd4 Bb4 8. d5
Na5 9. Qa4+ Bd7 10. Qxb4 Nxc4 11. Qxc4 O-O 12. Nc3 Qe8 13. Qb3 a6 14. Qxb7 Qc8
15. Qb4 a5 16. Qd4 Rb8 17. e5 Rb4 18. Qd2 dxe5 19. Nxe5 Bf5 20. Nc6 Qa6 21.
Nxb4 axb4 22. Na4 Qg6 23. g3 Ng4 24. f3 Ne5 25. g4 Bd3 26. Rf2 Nxf3+ 27. Rxf3
Qxg4+ 28. Qg2 Qd4+ 29. Be3 Qxd5 30. Bh6 g6 31. Bxf8 Qd4+ 32. Qf2 Qg4+ 33. Rg3
Qe4 34. Re1 Qh4 35. Rxg6+ Bxg6 36. Qxh4 Kxf8 37. Nc5 Kg7 38. a4 bxa3 39. bxa3
f5 40. Nd7 h5 41. Qf6+ Kh6 42. Nf8 h4 43. Qxg6# 1-0

[Event "DVM U10 2013"]
[Site "Magdeburg GER"]
[Date "2013.12.28"]
[Round "4"]
[White "Franz, Franz Theodor"]
[Black "Rößler, Philipp"]
[Result "1-0"]
[Termination "normal"]
[Board "16.4"]
[WhiteElo "889"]
[BlackElo "696"]
[WhiteTeam "Schachpinguine Berlin 1"]
[BlackTeam "SC 1994 Oberland 1"]
[WhiteFideId "12992674"]
[BlackFideId "16209885"]
[EventCountry "GER"]
[EventRounds "6"]
[EventType "team-swiss"]
[EventDate "2013.12.27"]

1. e4 e5 2. Nf3 Nc6 3. Bc4 Bc5 4. b4 Bxb4 5. c3 Bc5 6. d4 exd4 7. cxd4 Bb4+ 8.
Bd2 Bxd2+ 9. Nbxd2 Nf6 10. O-O d5 11. exd5 Nxd5 12. Re1+ Nde7 13. Bb5 O-O 14.
Ne4 Bg4 15. Be2 Nxd4 16. Nxd4 Bxe2 17. Rxe2 b6 18. Re3 c5 19. Nf3 Nd5 20. Rd3
Qe7 21. Rxd5 Qxe4 22. Re5 Qg6 23. Nh4 Qf6 24. Re4 Rad8 25. Qe1 b5 26. Rc1 c4
27. Nf3 Rd3 28. Re5 h6 29. Rxb5 c3 30. Rc5 Rfd8 31. R5xc3 Rxc3 32. Rxc3 Qd6 33.
h3 Rb8 34. Re3 a5 35. Qxa5 Rb1+ 36. Re1 Qb4 37. Rxb1 Qxa5 38. Ra1 Qc3 39. Re1
Qb2 40. g4 Qc3 41. Kg2 Qxe1 42. Nxe1 g6 43. a4 Kf8 44. a5 Ke8 45. a6 Kf8 46. a7
Kg7 47. a8=Q h5 48. Qa1+ Kg8 49. Nf3 hxg4 50. Ng5 Kf8 51. Qf6 gxh3+ 52. Kxh3
Ke8 53. Qxf7+ Kd8 54. Ne6+ Kc8 55. Qc7# 1-0

[Event "DVM U10 2013"]
[Site "Magdeburg GER"]
[Date "2013.12.28"]
[Round "4"]
[White "Popist, Florian"]
[Black "Buller, Ian Joshua"]
[Result "0-1"]
[Termination "normal"]
[Board "17.1"]
[WhiteElo "938"]
[BlackElo "1127"]
[WhiteTeam "SK Weisse Dame Hamburg"]
[BlackTeam "SV "Glück auf" Rüdersdorf e.V."]
[WhiteFideId "16203518"]
[BlackFideId "12990655"]
[EventCountry "GER"]
[EventRounds "6"]
[EventType "team-swiss"]
[EventDate "2013.12.27"]

1. e4 c5 2. Nf3 Nc6 3. d4 cxd4 4. Nxd4 e6 5. Nc3 a6 6. Bf4 g6 7. Nf3 Nf6 8. e5
Ng4 9. h3 Nh6 10. g4 Bg7 11. Ne4 O-O 12. g5 Nf5 13. Nf6+ Bxf6 14. gxf6 b5 15.
h4 h5 16. Bh3 Bb7 17. Bxf5 exf5 18. Bh6 Re8 19. Rg1 Nxe5 20. Nxe5 Rxe5+ 21. Kf1
Qc7 22. Qxh5 Qc4+ 0-1

[Event "DVM U10 2013"]
[Site "Magdeburg GER"]
[Date "2013.12.28"]
[Round "4"]
[White "Kurzweil, Naemi"]
[Black "Demirkiran, Can Max"]
[Result "1-0"]
[Termination "normal"]
[Board "17.2"]
[WhiteElo "1025"]
[BlackElo "866"]
[WhiteTeam "SV "Glück auf" Rüdersdorf e.V."]
[BlackTeam "SK Weisse Dame Hamburg"]
[WhiteFideId "12985708"]
[EventCountry "GER"]
[EventRounds "6"]
[EventType "team-swiss"]
[EventDate "2013.12.27"]

1. e4 e5 2. Nf3 Nc6 3. Bc4 Bc5 4. Nc3 Nf6 5. d3 d6 6. Bg5 Bg4 7. h3 Be6 8. Bb5
Qd7 9. Qe2 O-O-O 10. Nd5 Rhg8 11. Bxf6 gxf6 12. Nxf6 Nd4 13. Bxd7+ Bxd7 14.
Nxd4 Rxg2 15. Nxd7 Rxd7 16. Nb3 Bxf2+ 17. Kf1 Rg1+ 18. Rxg1 Bxg1 19. Kxg1 f6
20. Qg4 b6 21. Rf1 h6 22. Rxf6 d5 23. Rf7 Kd8 24. Qxd7# 1-0

[Event "DVM U10 2013"]
[Site "Magdeburg GER"]
[Date "2013.12.28"]
[Round "4"]
[White "Türk, Janusch"]
[Black "Katholy, Joshua"]
[Result "0-1"]
[Termination "normal"]
[Board "17.3"]
[WhiteElo "805"]
[BlackElo "1094"]
[WhiteTeam "SK Weisse Dame Hamburg"]
[BlackTeam "SV "Glück auf" Rüdersdorf e.V."]
[WhiteFideId "16216717"]
[BlackFideId "12990647"]
[EventCountry "GER"]
[EventRounds "6"]
[EventType "team-swiss"]
[EventDate "2013.12.27"]

1. e4 e5 2. Nf3 Nc6 3. Bc4 Nf6 4. d3 Bc5 5. c3 d6 6. Bb3 Bg4 7. O-O Qe7 8. Re1
O-O-O 9. Nbd2 Nd7 10. Bc2 Rde8 11. b4 Bb6 12. a4 a6 13. b5 Na5 14. bxa6 bxa6
15. Rb1 f5 16. exf5 Bxf5 17. d4 Qf6 18. d5 g5 19. Bxf5 Qxf5 20. Nf1 Qxb1 21.
Qe2 Qf5 22. Qxa6+ Kb8 23. Be3 e4 24. Ng3 Qxd5 25. Nxg5 h6 26. N5xe4 Bxe3 27.
Rxe3 Qd1+ 28. Nf1 Qd5 29. Nfg3 Nb7 30. f3 Qa5 31. Qc6 d5 32. Qxd7 dxe4 0-1

[Event "DVM U10 2013"]
[Site "Magdeburg GER"]
[Date "2013.12.28"]
[Round "4"]
[White "Darowski, Janek Wilhelm"]
[Black "Tolle-Hampel, Theo"]
[Result "1-0"]
[Termination "normal"]
[Board "17.4"]
[WhiteElo "971"]
[BlackElo "600"]
[WhiteTeam "SV "Glück auf" Rüdersdorf e.V."]
[BlackTeam "SK Weisse Dame Hamburg"]
[EventCountry "GER"]
[EventRounds "6"]
[EventType "team-swiss"]
[EventDate "2013.12.27"]

1. e4 e5 2. d4 Nc6 3. d5 Nd4 4. c3 Nb5 5. Bxb5 a6 6. Bc4 b5 7. Be2 Bc5 8. Nf3
d6 9. Nbd2 Nf6 10. Nb3 Bb6 11. Qd3 Ng4 12. O-O O-O 13. Ng5 Qf6 14. Bxg4 Bxg4
15. Be3 c5 16. a4 bxa4 17. Rxa4 Bd7 18. Rxa6 Rab8 19. c4 Bc7 20. Na5 Bxa5 21.
Rxa5 Qd8 22. Rfa1 Qe7 23. f4 exf4 24. e5 fxe3 25. Qxh7# 1-0